Concepts and issues in sports nutrition / (Record no. 17659)

MARC details
000 -LEADER
fixed length control field 00814nam a22002297a 4500
005 - DATE AND TIME OF LATEST TRANSACTION
control field 20081022123717.0
008 - FIXED-LENGTH DATA ELEMENTS--GENERAL INFORMATION
fixed length control field 081022t xxu||||| |||| 00| 0 eng d
010 ## - LIBRARY OF CONGRESS CONTROL NUMBER
LC control number ENG-84321
020 ## - INTERNATIONAL STANDARD BOOK NUMBER
International Standard Book Number 8178798435
020 ## - INTERNATIONAL STANDARD BOOK NUMBER
Terms of availability 750.00 (hb)
035 ## - SYSTEM CONTROL NUMBER
System control number EN-67854
082 ## - DEWEY DECIMAL CLASSIFICATION NUMBER
Classification number 613.711
245 ## - TITLE STATEMENT
Title Concepts and issues in sports nutrition /
Statement of responsibility, etc edited by Sharad Chand; compiled by Rachna Jain
260 ## - PUBLICATION, DISTRIBUTION, ETC. (IMPRINT)
Place of publication, distribution, etc New Delhi
Name of publisher, distributor, etc Sports Publication
260 ## - PUBLICATION, DISTRIBUTION, ETC. (IMPRINT)
Date of publication, distribution, etc 2005
300 ## - PHYSICAL DESCRIPTION
Extent 410p
Dimensions 22cm
500 ## - GENERAL NOTE
General note Includes bibliographical references
700 ## - ADDED ENTRY--PERSONAL NAME
Personal name Jain, Rachna
Titles and other words associated with a name comp
700 ## - ADDED ENTRY--PERSONAL NAME
Personal name Sharad Chand
Titles and other words associated with a name ed
942 ## - ADDED ENTRY ELEMENTS (KOHA)
Source of classification or shelving scheme Dewey Decimal Classification
Koha item type English Books
Classification part 613.711
Call number suffix CON
Holdings
Withdrawn status Lost status Source of classification or shelving scheme Damaged status Not for loan Collection code Home library Current library Date acquired Cost, normal purchase price Total Checkouts Full call number Barcode Date last seen Copy number Cost, replacement price Price effective from Koha item type
    Dewey Decimal Classification   Not For Loan Non-fiction D.B.Act.Division D.B.Act.Division 02/03/2007 750.00   613.711 CON EN-67854 04/11/2008 1 750.00 04/11/2008 English Books

© Delhi Public Library
Hit Counter
free hit counter